Business analytics : (Record no. 20545)
[ view plain ]
| 000 -LEADER | |
|---|---|
| fixed length control field | 00576nam a22002057a 4500 |
| 003 - CONTROL NUMBER IDENTIFIER | |
| control field | OSt |
| 008 - FIXED-LENGTH DATA ELEMENTS--GENERAL INFORMATION | |
| fixed length control field | 240521b2023 |||||||| |||| 00| 0 eng d |
| 020 ## - INTERNATIONAL STANDARD BOOK NUMBER | |
| International Standard Book Number | 9789355323491 |
| 082 ## - DEWEY DECIMAL CLASSIFICATION NUMBER | |
| Classification number | 658.4032 |
| Item number | JAG-B |
| 100 ## - MAIN ENTRY--PERSONAL NAME | |
| Personal name | Jaggia, Sanjiv |
| 245 ## - TITLE STATEMENT | |
| Title | Business analytics : |
| Remainder of title | communicating with numbers / |
| Statement of responsibility, etc | Sanjiv Jaggia...[et al.] |
| 250 ## - EDITION STATEMENT | |
| Edition statement | 2nd |
| 260 ## - PUBLICATION, DISTRIBUTION, ETC. (IMPRINT) | |
| Place of publication, distribution, etc | Chennai : |
| Name of publisher, distributor, etc | McGraw Hill Education, |
| Date of publication, distribution, etc | 2023. |
| 300 ## - PHYSICAL DESCRIPTION | |
| Extent / Pages | xxii, 766 p. ; |
| 650 ## - SUBJECT ADDED ENTRY--TOPICAL TERM | |
| Topical term or geographic name as entry element | Business intelligence |
| 700 ## - ADDED ENTRY--PERSONAL NAME | |
| Personal name | Lertwachara, Kevin |
| 700 ## - ADDED ENTRY--PERSONAL NAME | |
| Personal name | Kelly, Alison |
| 700 ## - ADDED ENTRY--PERSONAL NAME | |
| Personal name | Chen, Leida |
| 942 ## - ADDED ENTRY ELEMENTS (KOHA) | |
| Koha item type | Books |
| Source of classification or shelving scheme | |
| 942 ## - ADDED ENTRY ELEMENTS (KOHA) | |
| -- | 3 |
| Withdrawn status | Lost status | Source of classification or shelving scheme | Damaged status | Not for loan | Home library | Current library | Date acquired | Source of acquisition | Currency | Cost, normal purchase price | Full call number | Barcode | Date last seen | Copy number | Bill Date | Koha item type | Bill Number | Total Checkouts | Date last borrowed |
|---|---|---|---|---|---|---|---|---|---|---|---|---|---|---|---|---|---|---|---|
| SOBD Library | SOBD Library | 11/04/2024 | Vedi Books | INR | 1025.00 | 658.4032 JAG-B1 | 005686 | 21/05/2024 | 1 | 11/04/2024 | Reference Books | VEDI/24-25/04/11 | |||||||
| SOBD Library | SOBD Library | 11/04/2024 | Vedi Books | INR | 1025.00 | 658.4032 JAG-B2 | 005687 | 21/05/2024 | 2 | 11/04/2024 | Books | VEDI/24-25/04/11 | |||||||
| SOBD Library | SOBD Library | 11/04/2024 | Vedi Books | INR | 1025.00 | 658.4032 JAG-B3 | 005688 | 21/05/2024 | 3 | 11/04/2024 | Books | VEDI/24-25/04/11 | |||||||
| SOBD Library | SOBD Library | 11/04/2024 | Vedi Books | INR | 1025.00 | 658.4032 JAG-B4 | 005689 | 28/11/2024 | 4 | 11/04/2024 | Books | VEDI/24-25/04/11 | |||||||
| SOBD Library | SOBD Library | 11/04/2024 | Vedi Books | INR | 1025.00 | 658.4032 JAG-B5 | 005690 | 21/05/2024 | 5 | 11/04/2024 | Books | VEDI/24-25/04/11 | |||||||
| SOBD Library | SOBD Library | 11/04/2024 | Vedi Books | INR | 1025.00 | 658.4032 JAG-B6 | 005691 | 18/12/2025 | 6 | 11/04/2024 | Books | VEDI/24-25/04/11 | 2 | 03/12/2025 | |||||
| SOBD Library | SOBD Library | 11/04/2024 | Vedi Books | INR | 1025.00 | 658.4032 JAG-B7 | 005692 | 04/12/2024 | 7 | 11/04/2024 | Books | VEDI/24-25/04/11 | 1 | 11/11/2024 |